LDR 00803naa#a2200169#i#450# 001 RU\\bibl\119747 005 20260701011305.3 011 ## _a2782-4926 100 ## _a20260630b2026####ek#y0rusy0150####ca 102 ## _aRU 200 1# _aК ВОПРОСУ О ПРОИЗРАСТАНИИ СЕРИЙНОСТИ ИЗ СВОБОДНОЙ АТОНАЛЬНОСТИ _eЖурнальная статья 210 1# _aКрасноярск _cКрасноярская региональная общественная организация Содружество просветителей Красноярья _d2026 215 ## _a7 с. 608 ## _aЖурнальная статья _2local 675 ## _aТеория музыки. 781 _z 700 #1 _aДевуцкая _gНаталья Владимировна 856 4# _asiberianart-journal.ru _u